Quiz de A à Z - Histoire - C - Statistiques

Statistiques générales
  • Ce quiz a été pris 706 fois
  • Le résultat moyen est 9 sur 15
Statistiques - réponses
Indices Réponse % Correct
Voulait rejoindre les Indes, "découvre" finalement l'Amérique. Cristophe Colomb
99%
Dictateur romain assassiné durant les Ides de Mars. Jules César
89%
Le premier roi des Francs. Clovis
84%
Prise en 1453 ce qui marquera la fin de l'Empire Byzantin. Constantinople
84%
Chien à trois têtes gardien des enfers dans la mythologie grecque. Cerbère
79%
Crée en 1940, ce super-héros Marvel représente un héros américain. Captain America
73%
Staline, Marx et Tito. Communistes
72%
Célèbre peinture d'Edvard Munch. Le Cri
67%
Il a démontré que la Terre tournait autour du Soleil. Nicolas Copernic
64%
Hannibal était un général de cette cité. Carthage
50%
Empereur "fou". Aurait tué de nombreuses personnes. Caligula
45%
Ce dernier revient de cette expédition avec deux : Caravelles
31%
Université ou Barack Obama a étudié. Situé à New York. Columbia
25%
Situé dans le Yucatan. Une des 7 merveilles du monde moderne. Chichén Itzá
23%
Membre du 1er Triumvirat : César, Pompée et ... Crassus
16%
Aucun quiz correspondant
Distribution des résultats
% des personnes avec chaque résultat
Percentile par nombre de réponses
Votre historique - résultats
Vous n’avez pas pris ce quiz